[Event "Koge Bugt Efteraar 2010"]
[Site "Solrod Skole"]
[Date "2010.09.22"]
[Round "6.1"]
[White "Nielsen, Kai Gylling"]
[Black "Christensen, Verner"]
[Result "1/2-1/2"]
[WhiteElo "1891"]
[BlackElo "1968"]
[PlyCount "117"]
[EventDate "2010.??.??"]
[WhiteTeam "Roskilde Skakklub"]
[BlackTeam "Solrød Skakklub"]

1. d4 e6 2. c4 f5 3. Nc3 d5 4. Nf3 c6 5. cxd5 exd5 6. Bf4 Nf6 7. Ne5 Be7 8. e3
O-O 9. Bd3 Ne4 10. h3 Bh4 11. O-O Qe8 12. Qb3 Nd2 13. Qc2 Nxf1 14. Rxf1 Be6 15.
Ne2 Nd7 16. Nf3 Be7 17. g4 fxg4 18. Bxh7+ Kh8 19. Bg6 Bf7 20. Bxf7 Qxf7 21.
hxg4 Qe6 22. Kg2 Qxg4+ 23. Ng3 Rae8 24. Rh1+ Kg8 25. Rh5 Rxf4 26. exf4 Bf6 27.
Qh7+ Kf8 28. Ne5 Bxe5 29. dxe5 Qe6 30. Nf5 Qg8 31. Qxg8+ Kxg8 32. Rg5 Kh8 33.
Kg3 Nc5 34. Kf3 Ne6 35. Rh5+ Kg8 36. Nd6 Rf8 37. Rh4 Nd4+ 38. Kg4 b6 39. f5 g6
40. f6 g5 41. Rh6 Rd8 42. Rg6+ Kf8 43. f7 Ke7 44. Rg8 Ne6 45. Rxd8 Nxd8 46. Kf5
Nxf7 47. Nc8+ Ke8 48. Nxa7 c5 49. Nb5 d4 50. e6 Nd8 51. f3 Ke7 52. Nc7 d3 53.
Nd5+ Ke8 54. Nc3 d2 55. Kf6 Nc6 56. Kxg5 Nd4 57. Nd1 Nxf3+ 58. Kf4 Nd4 59. Ke3
1/2-1/2

[Event "Koge Bugt Efteraar 2010"]
[Site "Solrod Skole"]
[Date "2010.09.22"]
[Round "6.2"]
[White "Hestehauge, Klaus"]
[Black "Krag-Jacobsen, Alan"]
[Result "1-0"]
[WhiteElo "1983"]
[BlackElo "1446"]
[PlyCount "169"]
[EventDate "2010.??.??"]
[WhiteTeam "Køge Skakklub"]
[BlackTeam "Solrød Skakklub"]

1. d4 d5 2. Nf3 Nc6 3. Bf4 Bf5 4. c3 e6 5. e3 a6 6. Bd3 Bxd3 7. Qxd3 Bd6 8. Bg3
Nge7 9. Nbd2 Ng6 10. O-O-O Qe7 11. e4 dxe4 12. Nxe4 Bxg3 13. hxg3 O-O-O 14. Qc4
h6 15. Nc5 Nb8 16. Rhe1 Qf6 17. d5 exd5 18. Rxd5 Rxd5 19. Qxd5 c6 20. Qb3 b5
21. Ne4 Qe7 22. Qxf7 Qxf7 23. Nd6+ Kc7 24. Nxf7 Rf8 25. N7e5 Nxe5 26. Rxe5 Kd6
27. Re2 c5 28. Kd2 Nc6 29. Ke1 b4 30. Rd2+ Kc7 31. cxb4 cxb4 32. Nd4 Nd8 33. f3
Kb6 34. Kf2 Nb7 35. Ne6 Rf7 36. Nd8 Nxd8 37. Rxd8 Rc7 38. Rd2 a5 39. Ke3 Re7+
40. Kd3 Rd7+ 41. Kc2 Rc7+ 42. Kb3 Re7 43. Kc2 Rc7+ 44. Kd1 Re7 45. Rd3 Rc7 46.
Kd2 Re7 47. g4 Kc6 48. Rd8 Kb7 49. a3 bxa3 50. bxa3 Ka6 51. Rd3 Rb7 52. Kc2
Rc7+ 53. Rc3 Re7 54. Kd3 Rd7+ 55. Ke3 Re7+ 56. Kf4 Rd7 57. Kf5 Rb7 58. g3 Rb5+
59. Ke6 a4 60. Kf7 Rb3 61. Rc4 Rxf3+ 62. Kxg7 Rxa3 63. Kxh6 Kb5 64. Rc8 Rxg3
65. g5 a3 66. Ra8 Kb4 67. g6 Rh3+ 68. Kg5 Rh2 69. g7 Rg2+ 70. Kf6 Rf2+ 71. Ke5
Re2+ 72. Kd4 Rg2 73. g8=Q Rxg8 74. Rxg8 a2 75. Ra8 Kb3 76. Kd3 Kb2 77. Rb8+ Kc1
78. Rc8+ Kb1 79. Rb8+ Kc1 80. Rc8+ Kb1 81. Rb8+ Kc1 82. Ra8 Kb2 83. Kd2 a1=Q
84. Rb8+ Ka2 85. Kc2 1-0

[Event "Koge Bugt Efteraar 2010"]
[Site "Solrod Skole"]
[Date "2010.09.22"]
[Round "6.3"]
[White "Larsen, Poul M"]
[Black "Knudsen, Martin Mosgaard"]
[Result "1/2-1/2"]
[WhiteElo "1542"]
[BlackElo "1482"]
[PlyCount "85"]
[EventDate "2010.??.??"]
[WhiteTeam "Haslev Skakklub"]
[BlackTeam "Roskilde Skakklub"]

1. d4 e6 2. c4 d5 3. Nc3 c5 4. cxd5 exd5 5. dxc5 d4 6. Ne4 Bxc5 7. Nxc5 Qa5+ 8.
Bd2 Qxc5 9. Rc1 Qf5 10. g3 Nc6 11. Bh3 Qd5 12. f3 Nge7 13. Bxc8 Rxc8 14. b3 O-O
15. Nh3 Rfe8 16. Nf4 Qe5 17. Nd3 Qf6 18. Kf2 Nd5 19. Bf4 Nxf4 20. Nxf4 Qd6 21.
Nd3 Qe6 22. Qd2 b6 23. Rc2 Ne5 24. Nf4 Rxc2 25. Qxc2 Rc8 26. Qd2 Qd6 27. Rc1
Rxc1 28. Qxc1 Qd7 29. Qd2 f6 30. Nd3 Nxd3+ 31. Qxd3 b5 32. Kg2 Qe8 33. Kf1 Qe5
34. f4 Qc5 35. Kf2 g6 36. h3 f5 37. g4 Kf7 38. gxf5 gxf5 39. Kg2 a6 40. Qf3 Ke6
41. Qb7 Qd5+ 42. Qxd5+ Kxd5 43. Kf3 1/2-1/2

[Event "Koge Bugt Efteraar 2010"]
[Site "Solrod Skole"]
[Date "2010.09.22"]
[Round "6.4"]
[White "Hald, Morten Hansen"]
[Black "Johannsen, Bjørn"]
[Result "0-1"]
[WhiteElo "1407"]
[BlackElo "1609"]
[PlyCount "70"]
[EventDate "2010.??.??"]
[WhiteTeam "Køge Skakklub"]
[BlackTeam "Haslev Skakklub"]

1. e4 b6 2. d4 Bb7 3. Nc3 e6 4. Bd3 Nf6 5. Bg5 h6 6. Bxf6 Qxf6 7. Nf3 Nc6 8. e5
Qd8 9. O-O d5 10. a3 Be7 11. Ne2 Na5 12. c3 O-O 13. Nd2 c5 14. Ng3 cxd4 15.
cxd4 Nc6 16. Nb3 a6 17. Qg4 Bc8 18. Nh5 g5 19. f4 f5 20. Qe2 Qe8 21. fxg5 hxg5
22. Rac1 Rf7 23. g4 Ra7 24. Rf3 Bd8 25. Qf2 fxg4 26. Rxf7 Rxf7 27. Nf6+ Bxf6
28. Bg6 Bd7 29. exf6 e5 30. Bxf7+ Kxf7 31. Re1 e4 32. Rf1 Qh8 33. Qg3 Qh3 34.
Qd6 g3 35. Qxd7+ Qxd7 0-1

[Event "Koge Bugt Efteraar 2010"]
[Site "Solrod Skole"]
[Date "2010.09.22"]
[Round "6.6"]
[White "Hansen, Erik Levin"]
[Black "Thomsen, Heinrich Kirch"]
[Result "1/2-1/2"]
[WhiteElo "1822"]
[BlackElo "1259"]
[PlyCount "40"]
[EventDate "2010.??.??"]
[WhiteTeam "Haslev Skakklub"]
[BlackTeam "Solrød Skakklub"]

1. e4 c6 2. Nc3 d5 3. Nf3 dxe4 4. Nxe4 Bg4 5. h3 Bh5 6. Bc4 Nd7 7. d3 Ngf6 8.
Bf4 Nxe4 9. dxe4 Qb6 10. Bb3 Qb4+ 11. c3 Qxe4+ 12. Be3 Ne5 13. Nxe5 Bxd1 14.
Bxf7+ Kd8 15. Rxd1+ Kc7 16. Rd7+ Kb8 17. Rd8+ Kc7 18. Rd7+ Kc8 19. Be6 Qxe5 20.
Rd6+ Kc7 1/2-1/2

[Event "Koge Bugt Efteraar 2010"]
[Site "Solrod Skole"]
[Date "2010.09.22"]
[Round "6.7"]
[White "Orup, Kim Amdi"]
[Black "Wieland, Carsten"]
[Result "1-0"]
[WhiteElo "1553"]
[BlackElo "1562"]
[PlyCount "29"]
[EventDate "2010.??.??"]
[WhiteTeam "Køge Skakklub"]
[BlackTeam "Solrød Skakklub"]

1. a3 g6 2. e4 d6 3. d4 Bg7 4. h3 Nc6 5. Bb5 Bd7 6. Bxc6 Bxc6 7. d5 Bd7 8. c3
e6 9. Nf3 exd5 10. exd5 Bb5 11. c4 Bxc4 12. Qa4+ b5 13. Qa6 Qe7+ 14. Be3 Bd4
15. Qc6+ 1-0

[Event "Koge Bugt Efteraar 2010"]
[Site "Solrod Skole"]
[Date "2010.09.22"]
[Round "6.8"]
[White "Jensen, Tom B"]
[Black "Larsen, Jan Robert"]
[Result "0-1"]
[WhiteElo "1300"]
[BlackElo "1787"]
[PlyCount "76"]
[EventDate "2010.??.??"]
[WhiteTeam "Tåstrup Skakforening"]
[BlackTeam "Vordingborg Skakklub"]

1. e4 e5 2. Nf3 Nc6 3. d4 exd4 4. Nxd4 Nf6 5. Nc3 Bb4 6. Nxc6 bxc6 7. Bd2 Qe7
8. Bd3 Bxc3 9. Bxc3 Nxe4 10. O-O Nxc3 11. bxc3 O-O 12. Qd2 d5 13. Rfe1 Be6 14.
Re2 Qf6 15. Rae1 Rfe8 16. Re3 Bd7 17. c4 Rxe3 18. Qxe3 g6 19. cxd5 cxd5 20. Qc5
Qc6 21. Qxc6 Bxc6 22. c4 d4 23. f3 Re8 24. Rxe8+ Bxe8 25. Kf2 c5 26. Kg3 g5 27.
Kg4 f6 28. f4 gxf4 29. Kxf4 Bg6 30. Bf1 Kf7 31. g4 Ke7 32. h4 Bb1 33. a3 Kd6
34. a4 Kc7 35. a5 Kb7 36. g5 fxg5+ 37. hxg5 Ka6 38. Ke5 Kxa5 0-1

[Event "Koge Bugt Efteraar 2010"]
[Site "Solrod Skole"]
[Date "2010.09.22"]
[Round "6.9"]
[White "Nielsen, Steen"]
[Black "Hansen, Erik Friberg"]
[Result "1-0"]
[WhiteElo "1447"]
[BlackElo "1558"]
[PlyCount "117"]
[EventDate "2010.??.??"]
[WhiteTeam "Solrød Skakklub"]
[BlackTeam "Ishøj Skakklub"]

1. d4 Nf6 2. c4 b6 3. Nf3 Bb7 4. Nc3 e6 5. g3 g6 6. Bg2 Bg7 7. Bg5 O-O 8. Qd2
d5 9. cxd5 exd5 10. O-O Nbd7 11. Ne5 Qe8 12. Nd3 a6 13. Bf4 Rc8 14. b4 Ne4 15.
Nxe4 dxe4 16. Nc1 Qd8 17. Nb3 Nf6 18. Rac1 Re8 19. Bg5 Qd6 20. Bf4 Qd8 21. Bh3
Qd5 22. Be3 Qh5 23. Bg2 Ng4 24. h3 Nxe3 25. fxe3 Qd5 26. Rc3 Qd6 27. Kh2 Qxb4
28. Qc2 Qd6 29. Rc1 Re7 30. Nd2 f5 31. Nc4 Qd7 32. Nxb6 cxb6 33. Rxc8+ Bxc8 34.
Qxc8+ Qxc8 35. Rxc8+ Bf8 36. g4 Kg7 37. Kg3 Rf7 38. gxf5 gxf5 39. Rc6 Rb7 40.
Kf4 h6 41. Kxf5 Rf7+ 42. Kxe4 Re7+ 43. Kd3 Rb7 44. Rg6+ Kxg6 45. Bxb7 a5 46.
Ke4 Kf6 47. Kd5 b5 48. e4 b4 49. Bc6 Kf7 50. Kc4 Ke6 51. Ba4 Be7 52. Kb5 Bd8
53. Kc6 Be7 54. Bb3+ Kf6 55. Kd7 Bf8 56. e5+ Kf5 57. e6 Kf6 58. d5 Bc5 59. d6
1-0

[Event "Koge Bugt Efteraar 2010"]
[Site "Solrod Skole"]
[Date "2010.09.22"]
[Round "6.10"]
[White "Forsmann, Henning"]
[Black "Pondal, Jesper"]
[Result "1/2-1/2"]
[WhiteElo "1764"]
[BlackElo "1844"]
[PlyCount "97"]
[EventDate "2010.??.??"]
[WhiteTeam "Solrød Skakklub"]
[BlackTeam "Køge Skakklub"]

1. f4 d5 2. Nf3 Nf6 3. g3 g6 4. Bg2 Bg7 5. O-O O-O 6. d3 c5 7. Nc3 Nc6 8. e4 d4
9. Ne2 e5 10. fxe5 Ng4 11. Bg5 Qe8 12. Qd2 Ncxe5 13. Bf4 a5 14. Nxe5 Nxe5 15.
h3 Be6 16. Bh6 f6 17. Bxg7 Kxg7 18. Nf4 b6 19. Rf2 Ra7 20. Nd5 Bxd5 21. exd5
Qb5 22. Rb1 Raf7 23. Rf4 h5 24. Rh4 Qb4 25. Qd1 f5 26. c3 Qb5 27. a4 Qxd3 28.
Qxd3 Nxd3 29. cxd4 Re7 30. dxc5 Nxc5 31. b4 Nxa4 32. bxa5 Nc3 33. Rxb6 Re1+ 34.
Kh2 Rd1 35. Rd6 Ne4 36. Rd7+ Kh6 37. g4 Kg5 38. gxf5 gxf5 39. Rxe4 fxe4 40.
Bxe4 Rf2+ 41. Kg3 Ra2 42. h4+ Kf6 43. Rd6+ Ke5 44. Re6+ Kd4 45. a6 Rg1+ 46. Kf3
Rf1+ 47. Kg3 Rg1+ 48. Kf3 Rf1+ 49. Kg3 1/2-1/2

[Event "Koge Bugt Efteraar 2010"]
[Site "Solrod Skole"]
[Date "2010.09.29"]
[Round "7.1"]
[White "Johannsen, Bjørn"]
[Black "Christensen, Verner"]
[Result "0-1"]
[WhiteElo "1609"]
[BlackElo "1968"]
[PlyCount "84"]
[EventDate "2010.??.??"]
[WhiteTeam "Haslev Skakklub"]
[BlackTeam "Solrød Skakklub"]

1. d4 Nf6 2. Bf4 c5 3. dxc5 Qa5+ 4. c3 Qxc5 5. e3 d6 6. Nf3 g6 7. Nbd2 Bg7 8.
Qb3 O-O 9. Bg3 b6 10. Rc1 Be6 11. Qc2 a5 12. Nb3 Bxb3 13. axb3 Rc8 14. Be2 Nc6
15. Nd4 Bh6 16. Nxc6 Qxc6 17. Bf3 d5 18. Rd1 e6 19. Rd4 b5 20. O-O Qb6 21. Ra1
Nd7 22. h4 Bg7 23. Rd2 Ra7 24. Qd1 Nc5 25. Re2 a4 26. b4 Nb3 27. Ra3 Rd7 28.
Re1 Rcd8 29. Be2 e5 30. Qd3 Rb7 31. Bd1 e4 32. Qc2 Qc6 33. Re2 Qc4 34. Re1 Rc8
35. Be2 Qxb4 36. Qd1 Qc5 37. Rxb3 axb3 38. Qxb3 Rb6 39. Rd1 Rd8 40. Kf1 b4 41.
c4 d4 42. Ke1 d3 0-1

[Event "Koge Bugt Efteraar 2010"]
[Site "Solrod Skole"]
[Date "2010.09.29"]
[Round "7.2"]
[White "Larsen, Poul M"]
[Black "Hestehauge, Klaus"]
[Result "0-1"]
[WhiteElo "1542"]
[BlackElo "1983"]
[PlyCount "60"]
[EventDate "2010.??.??"]
[WhiteTeam "Haslev Skakklub"]
[BlackTeam "Køge Skakklub"]

1. d4 Nf6 2. c4 e5 3. dxe5 Ne4 4. a3 Nc6 5. Nf3 d6 6. Qd5 Nc5 7. Ng5 Ne6 8. Nf3
Be7 9. e4 Nc5 10. exd6 cxd6 11. Nc3 O-O 12. Qd1 Re8 13. Be2 Bg4 14. O-O Bf8 15.
e5 dxe5 16. Bg5 Qxd1 17. Raxd1 Ne6 18. Be3 Red8 19. h3 Bh5 20. g4 Bg6 21. Rd2
Rxd2 22. Nxd2 Ned4 23. b3 Bxa3 24. f4 exf4 25. Rxf4 Bc5 26. Bf2 Nxe2+ 27. Nxe2
Bxf2+ 28. Kxf2 Rd8 29. Ke3 Rd3+ 30. Kf2 Rxd2 0-1

[Event "Koge Bugt Efteraar 2010"]
[Site "Solrod Skole"]
[Date "2010.09.29"]
[Round "7.3"]
[White "Knudsen, Martin Mosgaard"]
[Black "Nielsen, Kai Gylling"]
[Result "0-1"]
[WhiteElo "1482"]
[BlackElo "1891"]
[PlyCount "62"]
[EventDate "2010.??.??"]
[WhiteTeam "Roskilde Skakklub"]
[BlackTeam "Roskilde Skakklub"]

1. d4 c5 2. d5 e5 3. c4 Nf6 4. Nc3 d6 5. e4 Be7 6. Nge2 Bg4 7. h3 Bh5 8. g4 Bg6
9. Ng3 Na6 10. Be2 h6 11. f4 Nd7 12. a3 Bh4 13. Qd3 Qe7 14. Nb5 Bxg3+ 15. Qxg3
Bxe4 16. Rf1 O-O 17. fxe5 Nxe5 18. Kf2 g5 19. Bd2 f5 20. gxf5 Bxf5 21. Kg2 Nxc4
22. Bxg5 Qxe2+ 23. Kg1 Kh7 24. Rae1 Qxb2 25. Re7+ Kh8 26. Bc1 Qf6 27. Qe1 Qg6+
28. Kh2 Ne5 29. Bb2 Be4 30. Rg1 Qf6 31. Rgg7 Nf3+ 0-1

[Event "Koge Bugt Efteraar 2010"]
[Site "Solrod Skole"]
[Date "2010.09.29"]
[Round "7.4"]
[White "Refsgaard, Kaj"]
[Black "Krag-Jacobsen, Alan"]
[Result "0-1"]
[WhiteElo "1753"]
[BlackElo "1446"]
[PlyCount "66"]
[EventDate "2010.??.??"]
[WhiteTeam "Jernbanens Skakklub"]
[BlackTeam "Solrød Skakklub"]

1. d4 d5 2. c4 e6 3. Nf3 Nf6 4. Nc3 c6 5. e3 Bb4 6. Bd2 Nbd7 7. Be2 O-O 8. O-O
Re8 9. Nxd5 Nxd5 10. cxd5 Bxd2 11. dxe6 Rxe6 12. Qxd2 Nf6 13. Bc4 Re7 14. Qc2
Bg4 15. Be2 h6 16. Rfe1 Qe8 17. Rac1 Rd8 18. Qc5 a6 19. Ne5 Bc8 20. Bf3 Nd5 21.
Bxd5 Rxd5 22. Qc3 f6 23. Nd3 Bf5 24. Nc5 Qg6 25. f3 Bh3 26. Re2 Rd8 27. Nd3
Rxe3 28. Rd2 Rxf3 29. Qc4+ Kh7 30. Kh1 Bxg2+ 31. Rxg2 Qxd3 32. Qf7 Rf1+ 33. Rg1
Qf3# 0-1

[Event "Koge Bugt Efteraar 2010"]
[Site "Solrod Skole"]
[Date "2010.09.29"]
[Round "7.5"]
[White "Orup, Kim Amdi"]
[Black "Krogh, Peter Ove"]
[Result "0-1"]
[WhiteElo "1553"]
[BlackElo "1922"]
[PlyCount "74"]
[EventDate "2010.??.??"]
[WhiteTeam "Køge Skakklub"]
[BlackTeam "Køge Skakklub"]

1. a3 c5 2. f4 g6 3. Nf3 Bg7 4. e4 Nc6 5. Bb5 e6 6. Bxc6 bxc6 7. e5 f6 8. O-O
Qc7 9. Qe1 Ne7 10. d3 Nf5 11. Qc3 fxe5 12. fxe5 Qb6 13. Kh1 O-O 14. Nbd2 d5 15.
Nb3 Nd4 16. Nbxd4 cxd4 17. Qe1 c5 18. b4 c4 19. Bg5 Ba6 20. a4 Rf7 21. b5 Bb7
22. Qb4 a5 23. Qd6 Qxd6 24. exd6 e5 25. Be7 e4 26. Ng5 Rxf1+ 27. Rxf1 Bc8 28.
dxe4 h6 29. Nf7 dxe4 30. Ne5 Bxe5 31. Rf8+ Kg7 32. d7 Bxd7 33. Rxa8 Kf7 34. Bh4
d3 35. cxd3 exd3 36. Be1 c3 37. Kg1 d2 0-1

[Event "Koge Bugt Efteraar 2010"]
[Site "Solrod Skole"]
[Date "2010.09.29"]
[Round "7.6"]
[White "Hansen, Erik Levin"]
[Black "Hald, Morten Hansen"]
[Result "1/2-1/2"]
[WhiteElo "1822"]
[BlackElo "1407"]
[PlyCount "52"]
[EventDate "2010.??.??"]
[WhiteTeam "Haslev Skakklub"]
[BlackTeam "Køge Skakklub"]

1. f4 d5 2. Nf3 Nf6 3. d3 e6 4. e3 Bb4+ 5. Bd2 Qd6 6. c3 Bc5 7. b4 Bb6 8. a4 a5
9. b5 O-O 10. Be2 Bd7 11. Ne5 c6 12. c4 Be8 13. d4 c5 14. Bc3 Ne4 15. Bb2 f6
16. Nf3 Nd7 17. O-O Bc7 18. Nbd2 b6 19. cxd5 exd5 20. Nxe4 dxe4 21. Nd2 f5 22.
Nc4 Qh6 23. Ne5 Nxe5 24. dxe5 Rd8 25. Bc4+ Bf7 26. Qc2 Qg6 1/2-1/2

[Event "Koge Bugt Efteraar 2010"]
[Site "Solrod Skole"]
[Date "2010.09.29"]
[Round "7.7"]
[White "Larsen, Jan Robert"]
[Black "Nielsen, Steen"]
[Result "1-0"]
[WhiteElo "1787"]
[BlackElo "1447"]
[PlyCount "63"]
[EventDate "2010.??.??"]
[WhiteTeam "Vordingborg Skakklub"]
[BlackTeam "Solrød Skakklub"]

1. e4 c6 2. d4 d5 3. Nc3 dxe4 4. Nxe4 Nd7 5. Qe2 Qc7 6. g3 c5 7. Bf4 Qa5+ 8. b4
Qxb4+ 9. c3 Qa5 10. Nd6+ Kd8 11. Nb5 Nb6 12. Bc7+ Ke8 13. dxc5 Nf6 14. Rd1 e6
15. Rd8+ Ke7 16. Qe5 Ne8 17. c6 Nxc7 18. Qxc7+ Kf6 19. f4 Qxa2 20. Rd2 Qb1+ 21.
Rd1 Qe4+ 22. Be2 Qxh1 23. Qd8+ Be7 24. Qd4+ Kg6 25. Bf3 Qxh2 26. Ne2 Rd8 27.
f5+ Kh6 28. Qe5 Rxd1+ 29. Kxd1 bxc6 30. Qe3+ Bg5 31. Nd6 Bxe3 32. Nxf7# 1-0

[Event "Koge Bugt Efteraar 2010"]
[Site "Solrod Skole"]
[Date "2010.09.29"]
[Round "7.8"]
[White "Thomsen, Heinrich Kirch"]
[Black "Jørgensen, Leif"]
[Result "1-0"]
[WhiteElo "1259"]
[BlackElo "1704"]
[PlyCount "81"]
[EventDate "2010.??.??"]
[WhiteTeam "Solrød Skakklub"]
[BlackTeam "Solrød Skakklub"]

1. e4 e5 2. Nf3 Nc6 3. Bb5 Nf6 4. O-O d6 5. d4 Bd7 6. Re1 Qe7 7. Nc3 O-O-O 8.
Bg5 h6 9. Nd5 Qe6 10. dxe5 Nxe5 11. Nd4 Qg4 12. Bxd7+ Rxd7 13. Nxf6 Qxg5 14.
Nxd7 Nxd7 15. g3 Qf6 16. c3 Ne5 17. f4 Nd7 18. Qa4 a6 19. Rad1 Nb6 20. Qe8+ Qd8
21. Qxf7 Qe7 22. Qxe7 Bxe7 23. e5 dxe5 24. Rxe5 Bf6 25. Re2 Rd8 26. Rde1 g5 27.
fxg5 hxg5 28. Nf3 Nc4 29. Re6 g4 30. Rxf6 gxf3 31. Rxf3 Nxb2 32. Rfe3 Nc4 33.
Re8 b5 34. Rxd8+ Kxd8 35. h4 Nd6 36. g4 c5 37. h5 Nf7 38. Re6 b4 39. cxb4 cxb4
40. Rxa6 Ke8 41. Rb6 1-0

[Event "Koge Bugt Efteraar 2010"]
[Site "Solrod Skole"]
[Date "2010.09.29"]
[Round "7.9"]
[White "Wieland, Carsten"]
[Black "Kristensen, Benny"]
[Result "0-1"]
[WhiteElo "1562"]
[BlackElo "1618"]
[PlyCount "52"]
[EventDate "2010.??.??"]
[WhiteTeam "Solrød Skakklub"]
[BlackTeam "Skovbo Skakklub"]

1. d4 d5 2. Bf4 Nf6 3. e3 e6 4. Bd3 c5 5. dxc5 Bxc5 6. Nh3 Nc6 7. c3 O-O 8. O-O
h6 9. Nd2 e5 10. Bg3 Be6 11. Nb3 Bd6 12. Rc1 Qd7 13. Bh4 e4 14. Bxf6 gxf6 15.
Bxe4 dxe4 16. Nc5 Bxc5 17. Qxd7 Bxd7 18. Nf4 Ne5 19. Rcd1 Nd3 20. Nxd3 exd3 21.
Rfe1 Bb5 22. b3 Rad8 23. a4 d2 24. axb5 dxe1=Q+ 25. Rxe1 Rd2 26. Rc1 Rfd8 0-1